000 00931nac a22002897a 4500
001 BR9901352
003 BR-BrBNA
005 20240105122158.0
008 230509b bl.|||m| |||| 00| 0 por d
040 _aBR-BrBNA
_bpor
_cBiblioteca Nacional de Agricultura
072 _aF03; H20
090 _a0180 BR9901352
100 1 _aGoulart, A.C.P.
100 1 _aReis, H.F. dos
110 1 _aCentro de Pesquisa Agropecuaria do Oeste, Dourados, MS (Brasil)
245 1 _aTratamento quimico de sementes de trigo para o controle de Bipolaris sorokiniana
260 3 _aDourados, MS (Brasil):
_c1998.
300 _a6 p.
490 _aComunicado Tecnico - Centro de Pesquisa Agropecuaria do Oeste (Brazil)
_vno. 37
_xISSN 0104-5164
500 _a27 ref.
650 _aTrigo
650 _aSemente
650 _aPatogeno
650 _aControle Quimico
909 _a202312
_bLúcia Elande
_c55
_dLúcia Elande
942 _2AGRIS
_n0
_cMS
999 _c289643
_d289643